000 00931nam a22002417a 4500
005 20240530110441.0
008 150420s2011 ua af f b 000 0 ara d
017 _a2010/15832
_bمصر . دار الكتب المصرية
020 _a9772327813
040 _aEG-CaGPL
082 0 4 _221
_a724.5\
_bج ت
100 0 _aجلال احمد الشايب
245 1 0 _aتاريخ العمارة الداخلية الحديثة :
_b1880 - 2000 /
_hجلال احمد الشايب
250 _aط1
260 _aالقاهرة :
_bعالم الكتب ،
_c2011.
504 _aيشتمل على ارجاعات ببليوجرافية و فهرس
650 0 4 _aالعمارة الحديثة
_xتاريخ
_y1880 - 2000
650 0 4 _aالعمارة
_xتصميمات
650 0 4 _aالرسم المعمارى
650 0 4 _aالعمارة الداخلية
_xتاريخ
942 _2ddc
_cBK
999 _c61048
_d61048